00554 2200217 4500001002100000005001700021008004100038035002400079082001100103090001800114100001200132245005100144250001000195260002800205300001900233650003600252850001200288980001500300985000600315999001500321YOGYA-0209000005921620090227034623.0 ind  0010-020900000059216 a899.23 a899.23bMir M aMIRA, W aMekar menjelang malambkumpulan cerpencMira W aCet.2 aJakartabGramediac1983 a243 hlmc18 cm aKesusastraan Indonesia - Cerita aYOPDYOG a22-07-2008 a1 aP000021409